000 nam a22 7a 4500
999 _c9635
_d9635
008 180205b ||||| |||| 00| 0 eng d
100 _aSrivastava,S.
_95762
245 _aMy Garden
260 _aNew Delhi
_bCBT
_c2015